[Event "Novosibirsk Region-ch"]
[Site "Novosibirsk"]
[Date "2003.??.??"]
[Round "9"]
[White "Chigvintsev, Andrei"]
[Black "Kurganov, Dmitry"]
[Result "1-0"]
[WhiteElo "2379"]
[BlackElo "2106"]
[PlyCount "49"]
[EventDate "2003.??.??"]
[EventType "swiss"]
[EventRounds "9"]
[EventCountry "RUS"]
[SourceTitle "EXT 2008"]
[Source "ChessBase"]
[SourceDate "2007.11.25"]
[SourceVersion "1"]
[SourceVersionDate "2007.11.25"]
[SourceQuality "1"]

1. d4 Nf6 2. Nf3 g6 3. g3 Bg7 4. Bg2 0-0 5. 0-0 d6 6. Nc3 Nbd7 7. d5 e5 8. dxe6 fxe6 9. e4 e5 10. Be3 Re8 11. Qe2 Nf8 12. h3 a6 13. Rfd1 b5 14. a4 Bb7 15. axb5 axb5 16. Qxb5 Rxa1 17. Rxa1 Ba8 18. Qb3+ d5 19. exd5 Bxd5 20. Nxd5 Qxd5 21. c4 Qd7 22. Ng5 Re7 23. c5+ Kh8 24. c6 Qe8 25. Bc5 1-0

[Event "Novosibirsk Region-ch"]
[Site "Novosibirsk"]
[Date "2003.??.??"]
[Round "7"]
[White "Kurganov, Dmitry"]
[Black "Dergilev, Igor"]
[Result "1/2-1/2"]
[WhiteElo "2106"]
[BlackElo "2254"]
[PlyCount "30"]
[EventDate "2003.??.??"]
[EventType "swiss"]
[EventRounds "9"]
[EventCountry "RUS"]
[SourceTitle "EXT 2008"]
[Source "ChessBase"]
[SourceDate "2007.11.25"]
[SourceVersion "1"]
[SourceVersionDate "2007.11.25"]
[SourceQuality "1"]

1. e4 Nf6 2. e5 Nd5 3. d4 d6 4. Nf3 dxe5 5. Nxe5 c6 6. c4 Nb4 7. Be3 Bf5 8. Nd3 e6 9. a3 Nxd3+ 10. Bxd3 Bxd3 11. Qxd3 Be7 12. Nc3 0-0 13. 0-0 Nd7 14. Rad1 Nf6 15. Qe2 Qa5 1/2-1/2

[Event "Novosibirsk Region-ch"]
[Site "Novosibirsk"]
[Date "2003.??.??"]
[Round "2"]
[White "Kurganov, Dmitry"]
[Black "Verzhansky, Alexander"]
[Result "0-1"]
[WhiteElo "2106"]
[BlackElo "2327"]
[PlyCount "92"]
[EventDate "2003.??.??"]
[EventType "swiss"]
[EventRounds "9"]
[EventCountry "RUS"]
[SourceTitle "EXT 2008"]
[Source "ChessBase"]
[SourceDate "2007.11.25"]
[SourceVersion "1"]
[SourceVersionDate "2007.11.25"]
[SourceQuality "1"]

1. Nf3 d5 2. g3 Nf6 3. Bg2 c6 4. d3 Bg4 5. Ne5 Bh5 6. Nd2 e6 7. Ndf3 Bd6 8. 0-0 Nbd7 9. Nxd7 Qxd7 10. c4 0-0 11. Bg5 Qe7 12. h3 h6 13. Be3 Bxf3 14. exf3 Bc5 15. d4 Bd6 16. c5 Bc7 17. Re1 Nd7 18. f4 b6 19. Qa4 bxc5 20. dxc5 Nxc5 21. Bxc5 Qxc5 22. Rac1 Qa5 23. Qxc6 Bb6 24. f5 Rac8 25. Qxc8 Rxc8 26. Rxc8+ Kh7 27. Re2 e5 28. b4 Qa6 29. Rec2 Qd3 30. R8c3 Qd4 31. Kh2 e4 32. Rc1 Qd2 33. R3c2 Qg5 34. Rd1 Qxf5 35. Re2 g6 36. Red2 d4 37. a4 e3 38. fxe3 dxe3 39. Re2 Qh5 40. Rde1 Bd4 41. Rc2 Qe5 42. Rce2 h5 43. Rf1 Kg7 44. Bf3 h4 45. Rg1 hxg3+ 46. Rxg3 Qf4 0-1

[Event "RUS-Cup04"]
[Site "Samara"]
[Date "2002.08.02"]
[Round "8"]
[White "Rodchenkov, Vitaly"]
[Black "Kurganov, Dmitry"]
[Result "1-0"]
[WhiteElo "2305"]
[BlackElo "2106"]
[PlyCount "109"]
[EventDate "2002.07.26"]
[EventType "swiss"]
[EventRounds "9"]
[EventCountry "RUS"]
[SourceTitle "CBM 089 Extra"]
[Source "ChessBase"]
[SourceDate "2002.09.10"]
[SourceVersion "2"]
[SourceVersionDate "2002.09.10"]
[SourceQuality "1"]

1. e4 c5 2. Nf3 Nc6 3. Bb5 e6 4. 0-0 Nge7 5. c3 a6 6. Ba4 b5 7. Bc2 d6 8. Re1 Ng6 9. d4 Be7 10. Nbd2 Bb7 11. g3 0-0 12. h4 b4 13. h5 Nh8 14. d5 Ne5 15. Nxe5 dxe5 16. c4 Bc8 17. Ba4 f6 18. Bc6 Ra7 19. Nf1 Nf7 20. dxe6 Bxe6 21. Ne3 Qc8 22. Bd5 Nd6 23. Qe2 Ne8 24. Qg4 Kf7 25. Nf5 Rg8 26. Be3 Bf8 27. Rad1 Rc7 28. Qf3 Nd6 29. Nxd6+ Bxd6 30. Bxe6+ Qxe6 31. Rd5 Rd8 32. Red1 Rcd7 33. Kg2 Bf8 34. Qe2 Rxd5 35. cxd5 Qb6 36. Rc1 Bd6 37. Rc4 Qb5 38. Qc2 Rc8 39. b3 Rc7 40. f4 Kg8 41. Qf2 exf4 42. Bxf4 Qd7 43. Bxd6 Qxd6 44. Qf4 Qe5 45. h6 gxh6 46. d6 Qxf4 47. gxf4 Rc8 48. e5 Kf7 49. Kf3 Ke6 50. Ke4 fxe5 51. fxe5 a5 52. Rc2 c4 53. bxc4 Rc5 54. Kd4 Rxe5 55. d7 1-0

[Event "RUS-Cup04"]
[Site "Samara"]
[Date "2002.07.29"]
[Round "4"]
[White "Snatenkov, Vitaly"]
[Black "Kurganov, Dmitry"]
[Result "1/2-1/2"]
[WhiteElo "2225"]
[BlackElo "2106"]
[PlyCount "108"]
[EventDate "2002.07.26"]
[EventType "swiss"]
[EventRounds "9"]
[EventCountry "RUS"]
[SourceTitle "CBM 089 Extra"]
[Source "ChessBase"]
[SourceDate "2002.09.10"]
[SourceVersion "2"]
[SourceVersionDate "2002.09.10"]
[SourceQuality "1"]

1. d4 Nf6 2. c4 g6 3. Nc3 Bg7 4. e4 d6 5. Be2 0-0 6. Bg5 c5 7. d5 h6 8. Bf4 Nbd7 9. Qd2 Kh7 10. h3 a6 11. Qc2 Qa5 12. Bd2 Qd8 13. Nf3 Ne8 14. a4 Rb8 15. 0-0 Nc7 16. a5 b5 17. axb6 Nxb6 18. Bd3 e5 19. Rfb1 f5 20. b4 cxb4 21. Rxb4 Bd7 22. Qb2 Nca8 23. Rxa6 fxe4 24. Nxe4 Bxh3 25. Be3 Qc8 26. Raxb6 Nxb6 27. Rxb6 Rxb6 28. Qxb6 Bxg2 29. Kxg2 Qg4+ 30. Ng3 Qxf3+ 31. Kh2 Rf4 32. Qxd6 Rh4+ 33. Kg1 Rg4 34. Qb6 h5 35. Bf1 h4 36. Bg2 Qd1+ 37. Kh2 hxg3+ 38. fxg3 Rxc4 39. d6 Rc2 40. Qd8 Qf3 41. Qh4+ Kg8 42. Qc4+ Rxc4 43. Bxf3 e4 44. Bg5 Be5 45. d7 Bc7 46. Bxe4 Rxe4 47. d8Q+ Bxd8 48. Bxd8 Kh7 49. Kh3 Kh6 50. g4 g5 51. Kg3 Re3+ 52. Kf2 Rd3 53. Bb6 Kg6 54. Be3 Kf6 1/2-1/2

[Event "RUS-Cup06"]
[Site "Tomsk"]
[Date "2001.07.08"]
[Round "9"]
[White "Katalymov, Boris N"]
[Black "Kurganov, Dmitry"]
[Result "1-0"]
[WhiteElo "2424"]
[BlackElo "2089"]
[PlyCount "51"]
[EventDate "2001.06.30"]
[EventType "swiss"]
[EventRounds "9"]
[EventCountry "RUS"]
[SourceTitle "CBM 083 Extra"]
[Source "ChessBase"]
[SourceDate "2001.09.11"]
[SourceVersion "1"]
[SourceVersionDate "2001.09.11"]
[SourceQuality "1"]

1. d4 Nf6 2. c4 g6 3. Nc3 Bg7 4. e4 d6 5. h3 0-0 6. Nge2 Nc6 7. d5 Na5 8. Ng3 c5 9. Be2 a6 10. 0-0 Rb8 11. Rb1 Nd7 12. Bd2 Nb6 13. b3 Bd7 14. Qe1 Na8 15. Nd1 b6 16. Ne3 Nb7 17. f4 b5 18. Ng4 f6 19. f5 g5 20. h4 h6 21. Nh5 Qe8 22. Nxg7 Kxg7 23. Nxh6 Kxh6 24. hxg5+ Kg7 25. Qg3 Rh8 26. gxf6+ 1-0